Algebras de Lie

Salvato in:
Dettagli Bibliografici
Autore principale: San Martín, Luiz Antonio Barrera (Autore)
Natura: Libro
Lingua:portoghese
Pubblicazione: Sao Paulo Unicamp 1999
Edizione:1a. ed
Serie:Colecao Livro-texto
Soggetti:
Tags: Aggiungi Tag
Nessun Tag, puoi essere il primo ad aggiungerne!!

MARC

LEADER 00000nam a2200000 a 4500
001 UCK9647
003 CL-VaPUC
008 060519e19990000BL |||||||||||||||||por|d
020 |a 8526804561 
082 0 4 |a 512.55  |b SAN  |2 21 
100 0 |a San Martín, Luiz Antonio Barrera  |e author  |9 499441 
245 1 0 |a Algebras de Lie 
250 |a 1a. ed 
300 |a 450 p 
942 |c BK 
945 |d 20060519 00:00:00  |a cmena 
260 |a Sao Paulo  |b Unicamp  |c 1999 
650 0 |a Álgebra de Lie  |9 271226 
650 0 |a Álgebra lineal   |9 260445 
650 0 |a Álgebra  |9 259567 
583 |a last modification  |c 20060519 00:00:00  |k Rodrigo Vera 
490 0 |a Colecao Livro-texto 
999 |c 316730  |d 316728